000 01112nam a2200301Ia 4500
001 ebr10607599
003 CaPaEBR
006 m u
007 cr cn|||||||||
008 120424s2012 okuab sb 001 0 eng d
010 _z 2012014439
020 _z9781593702717
040 _aCaPaEBR
_cCaPaEBR
035 _a(OCoLC)820833079
050 1 4 _aHD9502.A2
_bP693 2012eb
082 0 4 _a333.79
_223
100 1 _aPowers, Louis W.
245 1 4 _aThe world energy dilemma
_h[electronic resource] /
_cLouis W. Powers.
260 _aTulsa, Okla. :
_bPennWell,
_cc2012.
300 _axxiii, 306 p. :
_bill., maps.
504 _aIncludes bibliographical references and index.
533 _aElectronic reproduction.
_bPalo Alto, Calif. :
_cebrary,
_d2011.
_nAvailable via World Wide Web.
_nAccess may be limited to ebrary affiliated libraries.
650 0 _aEnergy policy.
650 0 _aPower resources.
655 7 _aElectronic books.
_2local
710 2 _aebrary, Inc.
856 4 0 _uhttp://site.ebrary.com/lib/rucke/Doc?id=10607599
_zAn electronic book accessible through the World Wide Web; click to view
999 _c97791
_d97791